On a Mission Quiz Stats

 Plays Quiz Updated Mar 13, 2012

Challenge
Share
Tweet
Embed
Score 0/18 Timer 05:00
0 Plays Today
Excerpt Company % Correct
In all our activities we seek to display some unchanging, fundamental qualities – integrity, honest dealing, treating everyone with respect… and contributing to human progress.BP
86.9%
Saving people money to help them live better.Walmart
81.1%
Establish ********* as the premier purveyor of the finest coffee in the world while maintaining our uncompromising principles while we grow.Starbucks
79.9%
To bring inspiration and innovation to every athlete* in the world. (*If you have a body, you are an athlete.)Nike
77.3%
To be the world's best quick service restaurant experience [by] providing outstanding quality, service, cleanliness and value so that we make every customer smile.McDonald's
75.9%
Connect people with their world, everywhere they live and work, and do it better.AT&T
72.8%
Global family with a proud heritage passionately committed to providing personal mobility for people around the world. We anticipate consumer need and deliver outstanding products.Ford
71.6%
Connecting with customers, understanding their needs and how they use technology, and providing value through information and support to help them realize their potential.Microsoft
69.6%
Through all of our products, services and relationships, we will add to life's enjoyment. Our mission: Be the world's beer company.Anheuser-Busch
67.7%
Excerpt Company % Correct
To make, distribute & sell the finest quality all natural ice cream & euphoric concoctions with a continued commitment to incorporating wholesome, natural ingredients.Ben & Jerry's
67.5%
To organize the world's information and make it universally accessible and useful.Google
65.7%
We practice openness and fairness in our corporate activities, strive for cleaner and safer car making, and work to make the earth a better place to live.Toyota
64.2%
We pledge to be a good corporate citizen in all the places we operate worldwide. We will maintain the highest ethical standards, obey all applicable laws and regulations.Exxon Mobil
55.3%
Our mission is to be the most essential global Internet service for consumers and businesses.Yahoo!
37.3%
Our strategic intent is to help people find better ways to do great work -- by constantly leading in document technologies, products and services.Xerox
21.4%
'Connecting people' is now connecting people to what matters - whatever that means for each person - giving them the power to make the most of every moment, everywhere, any time.Nokia
11.7%
Publish the world's most vital business and financial news and information - in any form, time or place.Dow Jones
8.6%
To add Vitality to life. We meet everyday needs for nutrition, hygiene and personal care with brands that help people feel good, look good and get more out of life.Unilever
5%

You're not logged in!

Compare scores with friends on all Sporcle quizzes.
OR
Log In

You Might Also Like...

Show Comments

Extras

Top Quizzes Today


Score Distribution

Your Account Isn't Verified!

In order to create a playlist on Sporcle, you need to verify the email address you used during registration. Go to your Sporcle Settings to finish the process.

Report this User

Report this user for behavior that violates our Community Guidelines.

Details: